Prentice Hall Weekly Legal Service (Record no. 2156)

MARC details
000 -LEADER
fixed length control field 00456nam a22001577a 4500
005 - DATE AND TIME OF INPUT
control field 20240712070951.0
008 - DATA ELEMENTS--GENERAL INFORMATION
fixed length control field 240712b |||||||| |||| 00| 0 eng d
041 ## - LANGUAGE CODE
Language code of text English
082 ## - SHELF NUMBER
DDC number 349 PRE
100 ## - MAIN AUTHOR
Language of a work English
245 ## - TITLE STATEMENT
Title Prentice Hall Weekly Legal Service
260 ## - PUBLICATION, DISTRIBUTION, ETC.
Place of publication, distribution, etc. Durban:
Name of publisher, distributor, etc. Prentice Hall Service (Pty) Ltd,
Date of publication, distribution, etc. 1975
300 ## - PHYSICAL DESCRIPTION
Other physical details 97 pages;
Dimensions 26 cm.
650 ## - SUBJECT`
Broad subject Legal service
Own subject terms Law
942 ## - ADDED ENTRY ELEMENTS (KOHA)
Item type Books
942 ## - ADDED ENTRY ELEMENTS (KOHA)
-- ALISON_BN_VRIES
Holdings
Source of classification or shelving scheme Volume number (bound volume or other part) Not for loan Collection code Home library Current library Shelving location Date acquired Full call number Barcode Price effective from Koha item type
Dewey Decimal Classification Volume 105, 1975 (1) January - June   PRENTICE-HALL LAW SOCIETY OF NAMIBIA LIBRARY - WINDHOEK LAW SOCIETY OF NAMIBIA LIBRARY - WINDHOEK Prentice hall weekly legal services 07/12/2024 349 PRE LSN/2023/2924 07/12/2024 Books
Dewey Decimal Classification Volume 106, 1975 (2) July - December   PRENTICE-HALL LAW SOCIETY OF NAMIBIA LIBRARY - WINDHOEK LAW SOCIETY OF NAMIBIA LIBRARY - WINDHOEK Prentice hall weekly legal services 07/12/2024 349 PRE LSN/2023/2925 07/12/2024 Books